00474nam a2200145 i 450000100060000000300090000600500170001500700030003200800410003510000320007624501340010826000410024230000210028385200240030493563ES-MaACL20230906181247.0t|050414s1926 sp ||||1| spa d1 aLópez Argüello, Arturo.10aReforma del libro II del Código de Comercio b: observaciones formuladas por el Banco Castellano / cArturo López Argüello. aMadrid : bErnesto Catalá, c1926. a16 p. ; c21 cm. aES-MaACLj1733-F-32